Electronic visual music : (Record no. 52711)

MARC details
000 -LEADER
fixed length control field 00620nam a2200229Ia 4500
005 - DATE AND TIME OF LATEST TRANSACTION
control field 20260429112153.0
008 - FIXED-LENGTH DATA ELEMENTS--GENERAL INFORMATION
fixed length control field 260429s9999||||xx |||||||||||||| ||und||
020 ## - INTERNATIONAL STANDARD BOOK NUMBER
International Standard Book Number 9781032326634
041 ## - LANGUAGE CODE
Language English
082 ## - DEWEY DECIMAL CLASSIFICATION NUMBER
Classification number 781.54
Item number PAY
100 ## - MAIN ENTRY--PERSONAL NAME
Personal name Payling, Dave
245 #0 - TITLE STATEMENT
Title Electronic visual music :
Remainder of title the elements of audiovisual creativity /
Statement of responsibility, etc Dave Payling
250 ## - EDITION STATEMENT
Edition statement 1st ed.
260 ## - PUBLICATION, DISTRIBUTION, ETC. (IMPRINT)
Place of publication, distribution, etc London :
Name of publisher, distributor, etc Routledge,
Date of publication, distribution, etc 2024.
300 ## - PHYSICAL DESCRIPTION
Extent ix, 154 p.; pbk
440 ## - SERIES STATEMENT/ADDED ENTRY--TITLE
Title Sound design
650 ## - SUBJECT ADDED ENTRY--TOPICAL TERM
Topical term or geographic name as entry element Audiovisual
650 ## - SUBJECT ADDED ENTRY--TOPICAL TERM
Topical term or geographic name as entry element Electronic
650 ## - SUBJECT ADDED ENTRY--TOPICAL TERM
Topical term or geographic name as entry element Visual music
700 ## - ADDED ENTRY--PERSONAL NAME
Personal name Filimowicz, Michael
942 ## - ADDED ENTRY ELEMENTS (KOHA)
Koha item type Text Books
Holdings
Withdrawn status Lost status Damaged status Not for loan Collection code Home library Location Shelving location Date of Cataloging Source of acquisition Total Checkouts Full call number Barcode Date last seen Price effective from Koha item type
        Non-fiction CUTN Central Library CUTN Central Library Arts & Sports 29/04/2026 Technical Bureau, New Delhi - Invoice No. TB3352 on 09-02-2026   781.54 PAY 57830 29/04/2026 29/04/2026 Text Books